| 000 | 00522nam a2200181Ia 4500 | ||
|---|---|---|---|
| 008 | 240925s9999 xx 000 0 und d | ||
| 020 | _a9781138384361 | ||
| 082 | _a375.001 MCK | ||
| 100 | _aMckernan, James | ||
| 245 | 0 | _aCurriculum and imagination: process theory, pedagogy and action research | |
| 250 | _aNA | ||
| 260 |
_aNew York: _bRoutlege Taylor & Francis Group _c,2008. |
||
| 300 |
_a418p. _b0 _fOriginal |
||
| 500 | _aIncludes Index | ||
| 600 | _aSocial Sciences | ||
| 650 | _aSocial Sciences | ||
| 942 | _cBK | ||
| 999 |
_c17463 _d17463 |
||